Wielki Post - Statystyki

Ogólne statystyki
  • Ten quiz został rozwiązany 1 244 razy
  • Średni wynik to 8 z 10
Statystyki odpowiedzi
Zagadnienie Odpowiedź % Poprawnych
Ile dni trwa Wielki Post? 40
96%
W Środę Popielcową kapłan w dodatkowym obrzędzie posypuje nasze: Głowy
96%
Ile stacji jest tradycyjnie na Drodze Krzyżowej? (w ramach nabożeństwa) 14
94%
W Środę Popielcową obowiązuje nas post: Ścisły
93%
Wielki Post rozpoczyna się w: Środę Popielcową
93%
Jaki kolor liturgiczny obowiązuje w Wielkim Poście jako kolor główny? Fioletowy
89%
Popiół na Środę Popielcową powstaje z: Palm z Niedzieli Palmowej
87%
Post ścisły dotyczy wstrzemięźliwości od pokarmów mięsnych oraz ograniczenia posiłków do: Dwóch lekkich i jednego do stya
74%
Jaki kolor liturgiczny jest używany w czwartą niedzielę Wielkiego Postu - niedzielę Laetare? Różowy
69%
Jakiego koloru liturgicznego używa się w Niedzielę Palmową, zwaną też Niedzielą Męki Pańskiej? Czerwonego
57%
Nie znaleziono quizów pasujących do podanych kryteriów
Rozkład punktacji
Procent ludzi z każdym wynikiem
Percentyl według liczby udzielonych odpowiedzi
Twoja historia wyników
Nie rozwiązałeś tego quizu